000 00252nam a22001097a 4500
082 _aMOH
100 _aMohammad Laiq Zardari
245 _aTahreek Pakistan main Sindh jo hiso
260 _aMoro
_bKazi Muhammad Qazi
_c1984
300 _a150
942 _cBK
999 _c12829
_d12829